| 000 | 00818nam a2200253Ia 4500 | ||
|---|---|---|---|
| 003 | OSt | ||
| 005 | 20221005084845.0 | ||
| 006 | a|||||r|||| 00| 0 | ||
| 007 | ta | ||
| 008 | 221004b |||||||| |||| 00| 0 eng d | ||
| 020 |
_a9781107024779 (hbk) _c5835.85 |
||
| 024 | _a12634 | ||
| 037 |
_b40530, 07/03/2014, Segment Book Distributors _cTextual |
||
| 040 |
_aCRL _cCRL _beng |
||
| 041 |
_2eng _aeng |
||
| 082 | _aT9(Q7),2.591, Q2 | ||
| 100 |
_aOzgur Iren _9613666 |
||
| 245 | 0 |
_aIslamic schools in modern turkey _b Faith politics and education |
|
| 260 |
_aNew York _bCambridge University Press U.S.A _c2012 |
||
| 300 |
_axiv, 237p. _ccm. |
||
| 650 | _aEDUCATION | ||
| 942 |
_hT9(Q7),2.591, Q2 _cTEXL _2cc |
||
| 999 |
_c993240 _d993240 |
||